000 00588nam a2200217Ia 4500
005 20250923144734.0
008 008 250917s9999 xx 000 0 eng d
037 _aTextual
040 _aDSWL
_beng
_cDSWL
041 _aeng
_2eng
084 _qDSWL
100 _aWhiting, John W.M.
_9827909
245 0 _aChild training and personality
_cby John W.M. Whiting
260 _aNew Haven
_b University of Yales Press
_c1958
300 _avii,354p.
365 _aUSD
_b5.5
700 _a I.L.Child
_9827910
925 _g5.5
942 _cTEXL
999 _c1442723
_d1442723